Nhân tài với tương lai đất nước
Cuốn sách gồm 4 chương: Chương I: Một số lý luận cơ bản; Chương II: Ảnh hưởng của văn hóa tới nhân cách của con người Việt Nam; Chương III: Kinh nghiệm của Việt Nam và một số nước về phát triển nhân tài; Chương IV: Tư tưởng Hồ Chí...
Kaydedildi:
| Materyal Türü: | Kitap |
|---|---|
| Dil: | Undetermined |
| Baskı/Yayın Bilgisi: |
Hà Nội
Chính trị Quốc gia
2013
|
| Konular: | |
| Etiketler: |
Etiketle
Etiket eklenmemiş, İlk siz ekleyin!
|
| Thư viện lưu trữ: | Trung tâm Học liệu Trường Đại học Cần Thơ |
|---|
| LEADER | 01077nam a2200193Ia 4500 | ||
|---|---|---|---|
| 001 | CTU_207062 | ||
| 008 | 210402s9999 xx 000 0 und d | ||
| 020 | |c 110000 | ||
| 082 | |a 352.6 | ||
| 082 | |b Nh121 | ||
| 245 | 0 | |a Nhân tài với tương lai đất nước | |
| 245 | 0 | |c Nguyễn Đắc Hưng (Sưu tầm, biên soạn) | |
| 260 | |a Hà Nội | ||
| 260 | |b Chính trị Quốc gia | ||
| 260 | |c 2013 | ||
| 520 | |a Cuốn sách gồm 4 chương: Chương I: Một số lý luận cơ bản; Chương II: Ảnh hưởng của văn hóa tới nhân cách của con người Việt Nam; Chương III: Kinh nghiệm của Việt Nam và một số nước về phát triển nhân tài; Chương IV: Tư tưởng Hồ Chí Minh, quan điểm, chủ trương của Đảng và Nhà nước về phát triển nhân tài. | ||
| 650 | |a Quản trị nhân sự,Personnel management | ||
| 904 | |i Tuyến | ||
| 980 | |a Trung tâm Học liệu Trường Đại học Cần Thơ | ||